000 00465ntaaa2200181 4500
003 01
005 20251027203131.0
008 0714s1973 ag 01
040 _aAR-BaBN
_bspa
_cAR-BaBN
_eaacr
_dRIC
082 _a784.4000 B22
100 _aBantock, Granville, ed.
_932809
245 _aOne hundred folksongs of all nations
250 _a1 ed. :
_bOliver Ditson,
_cc1911
300 _a175 p.
650 _aMusica-Folklore
650 _aFolklore
_93330
942 _cBK
999 _c26738
_d26738